The medieval health handbook Tacuinum sanitatis / (Record no. 1253)

000 -LEADER
fixed length control field 02621nam a22006257a 4500
001 - CONTROL NUMBER
control field 5712486
003 - CONTROL NUMBER IDENTIFIER
control field LIBRIS
005 - DATE AND TIME OF LATEST TRANSACTION
control field 20241030102235.0
008 - FIXED-LENGTH DATA ELEMENTS--GENERAL INFORMATION
fixed length control field 011211s1976 xxu|||||||||||000 0|eng|c
020 ## - INTERNATIONAL STANDARD BOOK NUMBER
International Standard Book Number 0807608084
040 ## - CATALOGING SOURCE
Original cataloging agency G
Description conventions a
Language of cataloging eng
Transcribing agency DLC
041 1# - LANGUAGE CODE
Language code of text/sound track or separate title eng
Language code of original ita
080 ## - UNIVERSAL DECIMAL CLASSIFICATION NUMBER
Universal Decimal Classification number 61 (09)
Item number A-70
082 04 - DEWEY DECIMAL CLASSIFICATION NUMBER
Classification number 610.9
Edition number 22 (machine generated)
083 0# - ADDITIONAL DEWEY DECIMAL CLASSIFICATION NUMBER
Classification number 090
Edition number 22 (machine generated)
084 ## - OTHER CLASSIFICATION NUMBER
Classification number V:k.3
Number source kssb/5
084 ## - OTHER CLASSIFICATION NUMBER
Classification number Aea.3
Number source kssb/5
084 ## - OTHER CLASSIFICATION NUMBER
Classification number Ieb.3
Number source kssb/6
084 ## - OTHER CLASSIFICATION NUMBER
Classification number Aea.3
Number source kssb/6
084 ## - OTHER CLASSIFICATION NUMBER
Classification number V:k.3
Number source kssb/6
084 ## - OTHER CLASSIFICATION NUMBER
Classification number Ibz Tacuinum sanitatis
Number source kssb/5
084 ## - OTHER CLASSIFICATION NUMBER
Classification number V:k
Number source kssb/5
084 ## - OTHER CLASSIFICATION NUMBER
Classification number V:k.3
Number source kssb/5
084 ## - OTHER CLASSIFICATION NUMBER
Classification number Aea.3
Number source kssb/5
100 ## - MAIN ENTRY--PERSONAL NAME
Personal name Arano, Cogliati Luisa
9 (RLIN) 805
245 04 - TITLE STATEMENT
Title The medieval health handbook Tacuinum sanitatis /
Statement of responsibility, etc. [Luisa Cogliati Arano ; [transl. and adapted by Oscar Ratti and Adele Westbrook from the orig. Italian ed.].
Remainder of title / by: George Braziller
260 ## - PUBLICATION, DISTRIBUTION, ETC.
Place of publication, distribution, etc. New York
Name of publisher, distributor, etc. George Braziller
Date of publication, distribution, etc. 1976
300 ## - PHYSICAL DESCRIPTION
Extent 153 p.
Other physical details ill.
630 04 - SUBJECT ADDED ENTRY--UNIFORM TITLE
Uniform title Tacuinum Sanitatis
650 #7 - SUBJECT ADDED ENTRY--TOPICAL TERM
Topical term or geographic name entry element Etnobotanik
Authority record control number or standard number https://id.kb.se/term/sao/Etnobotanik
Source of heading or term sao
650 #0 - SUBJECT ADDED ENTRY--TOPICAL TERM
Topical term or geographic name entry element History of Medicine
9 (RLIN) 335
650 #7 - SUBJECT ADDED ENTRY--TOPICAL TERM
Topical term or geographic name entry element Medicinalv�xter
General subdivision historia
Chronological subdivision medeltiden
Source of heading or term sao
650 #7 - SUBJECT ADDED ENTRY--TOPICAL TERM
Topical term or geographic name entry element Medicin
General subdivision historia
Chronological subdivision medeltiden
Source of heading or term sao
650 #0 - SUBJECT ADDED ENTRY--TOPICAL TERM
Topical term or geographic name entry element Ethnobotany
653 ## - INDEX TERM--UNCONTROLLED
Uncontrolled term მედიცინის ისტორია
655 #4 - INDEX TERM--GENRE/FORM
Authority record control number or standard number https://id.kb.se/marc/NotFictionNotFurtherSpecified
887 ## - NON-MARC INFORMATION FIELD
Content of non-MARC field {"@id":"vc5zwrd647p8bcf","modified":"2018-10-30T23:00:00+01:00","checksum":"66175491721"}
Source of data librisxl
887 ## - NON-MARC INFORMATION FIELD
Content of non-MARC field {"@id":"37dgxdd80xn29j9","modified":"2018-06-05T10:22:06.418+02:00","checksum":"61231714497"}
Source of data librisxl
887 ## - NON-MARC INFORMATION FIELD
Content of non-MARC field {"@id":"48fhzff9257drhz","modified":"2018-06-05T10:22:06.422+02:00","checksum":"55477630855"}
Source of data librisxl
887 ## - NON-MARC INFORMATION FIELD
Content of non-MARC field {"@id":"v067md911b8v7s6","modified":"2009-06-09T16:03:40+02:00","checksum":"62332843833"}
Source of data librisxl
887 ## - NON-MARC INFORMATION FIELD
Content of non-MARC field {"@id":"59gj0ggb1dzvlbv","modified":"2018-06-05T10:22:06.425+02:00","checksum":"46949360013"}
Source of data librisxl
900 1s - EQUIVALENCE OR CROSS-REFERENCE-PERSONAL NAME [LOCAL, CANADA]
Linkage 100
Affiliation Cogliati Arano, Luisa
942 ## - ADDED ENTRY ELEMENTS (KOHA)
Source of classification or shelving scheme
Koha item type Books
Holdings
Withdrawn status Lost status Source of classification or shelving scheme Damaged status Not for loan Permanent location Current location Date acquired Inventory number Total Checkouts Full call number Barcode Date last seen Price effective from Koha item type
          Ken Walker International University Ken Walker International University 02/08/2021 202   61 (09) A-70 202 02/08/2021 02/08/2021 Books

Powered by Koha